Dos mundos : (Record no. 25149)

MARC details
000 -LEADER
fixed length control field 01204cam a22003374a 4500
001 - CONTROL NUMBER
control field 12665031
003 - CONTROL NUMBER IDENTIFIER
control field OSt
005 - DATE AND TIME OF LATEST TRANSACTION
control field 20211230092342.0
008 - FIXED-LENGTH DATA ELEMENTS--GENERAL INFORMATION
fixed length control field 020201s2003 mauab 001 0 eng
010 ## - LIBRARY OF CONGRESS CONTROL NUMBER
LC control number 2002016681
020 ## - INTERNATIONAL STANDARD BOOK NUMBER
International Standard Book Number 0072493291 (instructor's edition : alk. paper)
020 ## - INTERNATIONAL STANDARD BOOK NUMBER
International Standard Book Number 0072493275 (student's edition)
040 ## - CATALOGING SOURCE
Original cataloging agency DLC
Transcribing agency HU
Modifying agency DLC
041 0# - LANGUAGE CODE
Language code of text/sound track or separate title eng
-- spa
042 ## - AUTHENTICATION CODE
Authentication code pcc
050 00 - LIBRARY OF CONGRESS CALL NUMBER
Classification number PC4129.E5
Item number D67 2003
082 00 - DEWEY DECIMAL CLASSIFICATION NUMBER
Classification number 468.2/421
Edition number 21
245 00 - TITLE STATEMENT
Title Dos mundos :
Remainder of title en breve /
Statement of responsibility, etc. Tracy D. Terrell ... [et al.].
246 3# - VARYING FORM OF TITLE
Title proper/short title 2 mundos
250 ## - EDITION STATEMENT
Edition statement 2nd ed., Instructor's ed.
260 ## - PUBLICATION, DISTRIBUTION, ETC.
Place of publication, distribution, etc. Boston :
Name of publisher, distributor, etc. McGraw-Hill,
Date of publication, distribution, etc. c2003.
300 ## - PHYSICAL DESCRIPTION
Extent xxxv, 407, A17, V36, I5 p. :
Other physical details ill. (chiefly col.), col. maps ;
Dimensions 26 cm.
500 ## - GENERAL NOTE
General note "This is an EBI book"--T.p. verso.
500 ## - GENERAL NOTE
General note Includes index.
546 ## - LANGUAGE NOTE
Language note English and Spanish.
650 #0 - SUBJECT ADDED ENTRY--TOPICAL TERM
Topical term or geographic name entry element Spanish language
Form subdivision Textbooks for foreign speakers
General subdivision English.
9 (RLIN) 11531
700 1# - ADDED ENTRY--PERSONAL NAME
Personal name Terrell, Tracy D.
9 (RLIN) 26222
906 ## - LOCAL DATA ELEMENT F, LDF (RLIN)
a 7
b cbc
c orignew
d 1
e ocip
f 20
g y-gencatlg
942 ## - ADDED ENTRY ELEMENTS (KOHA)
Source of classification or shelving scheme Dewey Decimal Classification
Koha item type Books like text book referance book
Suppress in OPAC No
Holdings
Withdrawn status Lost status Source of classification or shelving scheme Damaged status Not for loan Home library Current library Shelving location Date acquired Total Checkouts Full call number Barcode Date last seen Copy number Price effective from Koha item type
    Dewey Decimal Classification     Social Library Social Library General Stacks 12/30/2021   468,2421/DOS SHLIB 00011394 12/30/2021 C1 12/30/2021 Books like text book referance book